000 00676nam a2200217 4500
001 126824
003 ES-MaACL
005 20250808040855.0
007 t|
008 070214s1982 sp r ||||1| spa d
100 1 _aRewald, John.
_996477
245 1 3 _aEl postimpresionismo
_b: de Van Gogh a Gaughin /
_cJohn Rewald ; versión de Ema Fondevila, Emilio Muñiz.
260 _aMadrid :
_bAlianza,
_c1982.
300 _a530 p. :
_bil. ;
_c23 cm.
490 1 _aAlianza forma
700 1 _aFondevila, Ema.
_951495
700 1 _aMuñiz Castro, Emilio-Germán.
_984271
830 0 0 _aAlianza forma
_9177869
852 _aES-MaACL
_jL-6743
_bR.107799
999 _c126824
_d126824